Guess The Marvel Character's Alter Ego - Part 3 - Statistics

General Stats
  • This quiz has been taken 11 times
  • The average score is 17 of 30
Answer Stats
Real Name Alter Ego % Correct
Dr. Curt Connors Lizard
100%
Scott Summers Cyclops
90%
Dr. Susan "Sue" Storm Invisible Woman
90%
Emil Blonsky Abomination
80%
Remy LeBeau Gambit
80%
Katherine Elizabeth "Kate" Bishop Hawkeye
80%
Ororo Munroe Storm
80%
James Rupert "Rhodey" Rhodes War Machine
80%
Brock Rumlow Crossbones
70%
Riri Williams Ironheart
70%
Monica Rambeau Photon
70%
Jennifer Susan Walters She-Hulk
70%
John Walker U.S. Agent
70%
Ivan Vanko Whiplash
70%
Warren Worthington III Archangel
60%
Felicia Hardy Black Cat
60%
Isaiah Bradley Captain America
50%
Cain Marko Juggernaut
50%
Sergei Nikolaevich Kravinoff Kraven the Hunter
50%
Norrin Radd Silver Surfer
50%
Sharon Carter Agent 13
40%
Dr. Brian Braddock Captain Britain
40%
Piotr “Peter” Nikolaievitch Rasputin Colossus
40%
Daniel Thomas "Danny" Rand Iron Fist
40%
Medusalith Amaquelin Medusa
40%
Yuriko Oyama Lady Deathstrike
30%
Neena Thurman Domino
20%
Kevin Thompson Kilgrave
20%
Ellie Phimister Negasonic Teenage Warhead
20%
Lemar Hoskins Battlestar
10%
No matching quizzes found
Score Distribution
Percent of People with Each Score
Percentile by Number Answered
Your Score History
You have not taken this quiz